Capitals of the Realms of Austria-Hungary in 1914 on a Map - Statistics

General Stats
  • This quiz has been taken 293 times
  • The average score is 13 of 19
Answers on the Map
Answers color-coded by a green-red scale on the quiz's map according to % correct below.
 
Answer Stats
Flag Realm Capital % Correct
Lower Austria Vienna
97%
Kingdom of Hungary Budapest
96%
Kingdom of Bohemia Prague
96%
Condominium of Bosnia and Herzegovina Sarajevo
95%
Kingdom of Croatia and Slavonia Zagreb
95%
Duchy of Salzburg Salzburg
90%
Margraviate of Moravia Brno
83%
Princely County of Tyrol Innsbruck
82%
Duchy of Carniola Ljubljana
81%
Duchy of Styria Graz
80%
Kingdom of Dalmatia Split
80%
Austrian Littoral Trieste
80%
Upper Austria Linz
71%
City of Fiume and its District Fiume
58%
Duchy of Carinthia Klagenfurt
50%
Princely County of Vorarlberg Bregenz
37%
Kingdom of Galicia and Lodomeria Lemberg
37%
Duchy of Silesia Opava
23%
Duchy of Bukovina Czernowitz
14%
No matching quizzes found
Score Distribution
Percent of People with Each Score
Percentile by Number Answered
Your Score History
You have not taken this quiz